Constructive nonsmooth analysis
Αποθηκεύτηκε σε:
| Κύριος συγγραφέας: | |
|---|---|
| Άλλοι συγγραφείς: | , , , |
| Μορφή: | Βιβλίο |
| Γλώσσα: | English |
| Δημοσίευση: |
Frankfurt am Main ; : New York :
Peter Lang,
c1995
|
| Σειρά: | Approximation & optimization ;
; 7 |
| Θέματα: | |
| Ετικέτες: |
Προσθήκη ετικέτας
Δεν υπάρχουν, Καταχωρήστε ετικέτα πρώτοι!
|
MARC
| LEADER | 00000nam a2200000 i 4500 | ||
|---|---|---|---|
| 001 | 1/39333 | ||
| 008 | 030820s1995 eng d | ||
| 020 | |a 3-631-46270-0 | ||
| 035 | |l 10070603 | ||
| 040 | |a GR-MY-UA |b gre |e aacr | ||
| 041 | 0 | |a eng | |
| 082 | 0 | |a 515.64 |2 (21) | |
| 100 | 1 | |a Demianov, V. F. |q (Vladimir Fedorovich) |d 1938- | |
| 245 | 1 | 0 | |a Constructive nonsmooth analysis / |c Vladimir F. Demyanov, Alexander M. Rubinov ; [Editors: B. Brosowski, F. Deutsch, J. Guddat] |
| 260 | |a Frankfurt am Main ; : |a New York : |b Peter Lang, |c c1995 | ||
| 300 | |a 416 p.; |b ill.; |c 21 cm. | ||
| 490 | 1 | |a Approximation & optimization |v ; 7 |x 4937-4051 | |
| 504 | |a Includes bibliographical references and index | ||
| 650 | 0 | 0 | |a Nonsmooth optimization. |
| 700 | 1 | |a Rubinov, Aleksandr Moiseevich. | |
| 700 | 1 | |a Brosowski, Bruno. |4 edt | |
| 700 | 1 | |a Deutsch, F. |q (Frank) |d 1936- |4 edt | |
| 700 | 1 | |a Guddat, Jorgen. |4 edt | |
| 830 | 0 | |a Approximation & optimization ; |v ; 7 |x 4937-4051 | |
| 852 | |a INST |b SYROS |e 20030820 |h 515.64 DEM |p 005500003245 |q 005500003245 |t BK |y 0 | ||
| 901 | |a BIBL5-2003-2 | ||
| 909 | |a Ε |b 105776 | ||
| 922 | |a 5ΕΛΗ |b 200308 |c ΤΜΣΠΣ |d ΠΑΠΑΣΩΤΗΡΙΟΥ | ||
| 950 | |a 183-2002-10-19 | ||
| 970 | |a ΚΑΓΙΑΒΑ |b ΕΙΡΗΝΗ |z 2003/08/25 | ||